Statistics for WW2 quiz (including before and after)

Click here to take the quiz!

General Stats

  • This quiz has been taken 456 times
  • The average score is 11 of 20

Answer Stats

Hint Answer % Correct
The German Air ForceLuftwaffe
90%
The Emperor of JapanHirohito
85%
Hitler's MistressEva Braun
81%
Length of the war6 years
79%
Country with which Germany achieved "Anschluss"Austria
72%
Brit Prime minister who declared "peace in our time"Neville Chamberlain
70%
Operation Market Garden was the airborne invasion of.....Holland
68%
Fascist country that was asked to, but never joined the Axis powersSpain
66%
The international peacekeeping authority replacing the LONUN
65%
Adolf Eichmann escaped to which country?Argentina
63%
Capital of aboveAmsterdam
61%
Capital of aboveVienna
60%
The name of the trials for war criminals in 1946Nuremburg
47%
Japanese suicide cryBanzai
40%
The "second-best" British fighter planeHawker Hurricane
39%
The Auschwitz "angel of death"Josef Mengele
35%
The name of the place outside of Berlin where the "new" big three met in 1945Potsdam
35%
Germany, Japan and Italy signed the "Anti-_______ pact"Comintern
19%
The camp where Anne Frank was heldBergen Belsen
19%
VE DayMay 8 1945
16%

Score Distribution

Percentile by Number Answered

Percent of People with Each Score

Your Score History

You have not taken this quiz